|
|
|
|
| LEADER |
00000nam a2200000 a 4500 |
| 001 |
vtls001264768 |
| 003 |
SK-MaSNL |
| 005 |
20260301234542.0 |
| 008 |
240315s1976 xo 0 slo |
| 035 |
|
|
|a SNK000215692
|
| 040 |
|
|
|a SNK
|b slo
|c SNK
|e AACR2
|
| 041 |
0 |
|
|a slo
|
| 044 |
|
|
|a xo
|c SK
|
| 100 |
1 |
|
|a Jelínek, Miloš,
|d 1910-1993
|4 aut
|9 209931
|
| 245 |
1 |
0 |
|a Algebra pre ôsmy ročník
|c Miloš Jelínek, František Běloun, František Dušek ; prel. Ján Polonec ; ilustr. Jozef Týfa
|
| 250 |
|
|
|a 7. vyd.
|
| 260 |
|
|
|a Bratislava
|b Slovenské pedagogické nakladateľstvo
|c 1976
|
| 300 |
|
|
|a 165 s.
|c 21 cm
|
| 700 |
1 |
|
|a Běloun, František,
|d 1912-1992
|4 aut
|9 211468
|
| 700 |
1 |
|
|a Dušek, František,
|d 1906-1992
|4 aut
|9 208887
|
| 700 |
1 |
|
|a Polonec, Ján
|4 trl
|9 61199
|
| 700 |
1 |
|
|a Týfa, Josef,
|d 1913-2007
|4 ill
|9 108186
|
| 958 |
|
|
|a RK
|
| 958 |
|
|
|a OND
|
| 999 |
|
|
|c 970600
|d 972530
|
| 952 |
|
|
|a SNK
|b SNK
|y PREZ
|7 0
|p 17A0979704
|o snkSC 38775
|i snkKSP 3443/76
|0 0
|1 0
|4 0
|d 1996-10-30
|l 0
|r 2025-10-10 00:00:00
|w 2026-02-24
|
| 952 |
|
|
|a SNK
|b SNK
|y VYP
|7 0
|o snkSC 38775 D1
|i snkKSP 3444/76
|0 0
|1 0
|4 0
|d 1996-10-30
|l 0
|r 2005-01-01 00:00:00
|w 2026-02-24
|